Communication progressive du Français des affaires niveau intermédiaire : avec 250 activités : corrigés

Na minha lista:
Detalhes bibliográficos
Autor principal: Penfornis, Jean-Luc
Formato: Livro
Idioma:francês
Publicado em: Paris CLE international 2010
Assuntos:
Tags: Adicionar Tag
Sem tags, seja o primeiro a adicionar uma tag!

MARC

LEADER 00000nam a2200000 4500
001 0237331
005 20240226124440.8
020 |a 978-2-09-035364-8 
041 0 |a fre 
044 |a FR 
245 1 0 |a Communication progressive du Français des affaires  |b niveau intermédiaire : avec 250 activités : corrigés  |c Jean-Luc Penfornis 
264 1 |a Paris  |b CLE international  |c 2010 
300 |a 31 s. 
610 2 0 |a francúzština 
610 2 0 |a jazyky cudzie 
610 2 0 |a zásoba slovná 
610 2 0 |a gramatika 
610 2 0 |a konverzácia 
610 2 0 |a výslovnosť 
610 2 0 |a reálie 
610 2 0 |a Francúzsko 
100 1 |a Penfornis, Jean-Luc